Efficient interative algorithms for bounding the inverse of a matrix.

Prezentácia metód výpočtu inverznej matice na základe intervalovej aritmetiky. Opis triedy metód, ktoré vznikli kombináciou obyčajných Schulzových metód, použitých iba na aproximáciu inverznej matice a známej intervalovej Schulzovej metódy.

Enregistré dans:
Détails bibliographiques
Auteur principal: Herzberger, J.
Autres auteurs: Petkovic, Lj
Format: Chapitre de livre
Langue:anglais
Sujets:
Tags: Ajouter un tag
Pas de tags, Soyez le premier à ajouter un tag!

MARC

LEADER 00000naa a2200000 4500
001 r006193
005 20220818104553.3
041 0 |a eng 
044 |a AT 
245 1 0 |a Efficient interative algorithms for bounding the inverse of a matrix.  |c J. Herzberger, Lj. Petkovic 
520 |a Prezentácia metód výpočtu inverznej matice na základe intervalovej aritmetiky. Opis triedy metód, ktoré vznikli kombináciou obyčajných Schulzových metód, použitých iba na aproximáciu inverznej matice a známej intervalovej Schulzovej metódy. 
610 2 0 |a algoritmy 
610 2 0 |a metódy matematické 
610 2 0 |a matice 
610 2 0 |a teória konvergencie 
100 1 |a Herzberger, J. 
700 1 |a Petkovic, Lj.